[Event "RUS-ch 56th"]
[Site "Krasnoyarsk"]
[Date "2003.09.10"]
[Round "7"]
[White "Grigoriants, Sergey"]
[Black "Tregubov, Pavel V"]
[Result "0-1"]
[WhiteElo "2499"]
[BlackElo "2635"]
[Annotator "Ribli,Z"]
[PlyCount "88"]
[EventDate "2003.09.03"]
[EventType "swiss"]
[EventRounds "9"]
[EventCountry "RUS"]
[SourceTitle "CBM 098"]
[Source "ChessBase"]
[SourceDate "2004.02.03"]
[SourceVersion "1"]
[SourceVersionDate "2004.02.03"]
[SourceQuality "1"]

1. e4 c5 2. Nf3 Nc6 3. Nc3 e6 4. d4 cxd4 5. Nxd4 Qc7 6. Be2 a6 7. O-O Nf6 8.
Kh1 Nxd4 9. Qxd4 Bc5 10. Qd2 {Dieser Damenzug ist ein seltener Gast in der
Turnierpraxis. Gewöhnlich spielt man 10.Qd3. Die Idee dieses Textzugs ist,
dass Weiß im folgendem 11.Qg5 spielt.} O-O 11. Qg5 Bd4 {Auf diese Weise kann
Weiß die Raumgewinnmöglichkeit 12.e5 verhindern.} 12. Bd3 (12. Bf4 e5 13. Bd2
d6 14. Qh4 Be6 15. Bh6 Ne8 16. Bd2 Nf6 17. Bd3 Nd7 18. f4 exf4 19. e5 f5 20.
exd6 Qxd6 21. Bxf4 Qc6 22. Rf3 Nf6 23. Qg3 {1/2-1/2 Vukovic,Z-Matulovic,M/
Bucharest 2000/CBM 79 ext (23)}) 12... b5 {Schwarz strebt zu komplitziertem
Spiel. Ich muss anmerken, dass 12...Qe5 und 13...Qh5 zu Vereinfachungen mit
ungefähr gleichen Chancen führt.} (12... Qe5 13. Qh4 Qh5 14. Qxh5 Nxh5 15. Ne2
Bc5 $5 (15... Be5 16. f4 Bc7 17. e5 f5 18. h3 g5 19. g4 fxg4 20. hxg4 Nxf4 21.
Nxf4 gxf4 22. Bxf4 Rxf4 23. Rxf4 Bxe5 24. Re4 Bxb2 25. Rb1 Bf6 26. Rf1 Bg5 27.
Re2 b5 28. Ref2 Bb7+ 29. Kh2 e5 $44 {1/2-1/2 Yemelin,V-Macieja,B/Panormo 2001/
CBM 84 ext (60)}) 16. e5 f5 17. h3 g6 18. Bg5 (18. Bh6 Rf7 19. g4 Ng7 20. f4 b5
21. Ng3 Bb7+ 22. Kh2 d6 {1/2-1/2 Ivanovic,B-Markus,R/Subotica 2003/CBM 95/
[Ribli] (34)}) 18... b5 19. c4 b4 20. Kh2 Bb7 21. Rad1 Rf7 22. f4 Rc8 23. b3
Ng7 24. Ng1 Ne8 {1-0 Yemelin,V-Poluljahov,A/Abu Dhabi UAE 2003/(54)}) (12... d6
13. Ne2 Ba7 14. Qg3 b5 15. Bg5 Ne8 16. Qh4 f6 17. Bd2 Rb8 18. b4 Qf7 19. a4 $14
{0-1 Bezgodov,A-Jakovenko,D/Moscow 2000/EXT 2001 (42)}) 13. Ne2 Bc5 {Nach
meiner persönlichen Meinung scheint die Alternative 13...Bb6 sicherer, aber
der Textzug ist auch nicht schlecht.} (13... Bb6 14. e5 Nd5 15. Nf4 h6 16. Qg4
Qxe5 17. Nxd5 exd5 18. Bf4 Qf6 19. Rae1 d6 20. Qg3 Bc7 21. c3 Be6 22. Be3 $44 {
1-0 Lekic,D-Mastrovasilis,D/Korinthos 1999/EXT 2000 (64)}) 14. Bf4 (14. e5 $5
Nd5 15. Nf4 $36) 14... d6 15. Qh4 Re8 {Ein profilaktischer Verteidigungszug -
Schwarz muss in einigen Varianten - wie in der Partie - nach 16.Bg5 Nd7 - mit
17.e5 rechnen, woraufhin er - dank 15...Re8 - 17...Nf8 spielen kann.} (15...
Bb7 16. f3 (16. Bg5 Nd7 17. e5 h6 18. Bxh6 Nxe5 19. Bxg7 (19. Qg5 $6 Ng6 20.
Bxg7 Kxg7 21. Nf4 Kg8 22. Nxg6 fxg6 23. Qxg6+ Qg7 24. Qxe6+ Rf7 25. Bg6 Raf8
$15) 19... Kxg7 20. Qh7+ Kf6 21. Qh4+ $11) 16... Nd7 $11) 16. Bg5 Nd7 $11 {
Schwarz hat eine feste, verteidigungsfähige Stellung, ohne Schwächen.} 17. b4 (
17. e5 Nf8 $11) 17... Bb6 18. a4 {[%cal Ga1a3,Ga3h3] Es scheint, Weiß
unterlässt das Spiel am Königsfluegel und möchte am Damenflügel spielen. Aber
in Wirklichkeit möchte Weiß den Turm durch a3-h3 ins Spiel bringen.} bxa4 19.
e5 Nf8 20. Ra3 Ng6 (20... dxe5 $2 21. Rc3 $1 {Dieser Zug ist wichtig, da
Schwarz sich nicht mit Qxc2 verteidigen kann.} (21. Bxh7+ Nxh7 22. Rh3 Qxc2)
21... Qd7 22. Bxh7+ Nxh7 23. Rh3 f6 24. Qxh7+ Kf7 25. Bxf6 Kxf6 26. Rf3+ Ke7
27. Qh4+ Kd6 28. Rd1+ $18) 21. exd6 Qxd6 (21... Nxh4 22. dxc7 Nf5 23. Rxa4 $16)
22. Bxg6 fxg6 (22... hxg6 $2 23. Rh3 f5 24. Qh7+ Kf7 25. Rd3 Qc6 26. Rfd1 $16)
23. Rh3 h6 (23... h5 $5 24. Qe4 {[%cal Re4a8,Re4g6]} Qd7 $1 25. Qxg6 (25. Qxa8
Bb7 26. Rd3 Qc6 27. Qxe8+ Qxe8 $15) 25... Qf7 26. Qxf7+ Kxf7 27. Ra3 Bd7 $11)
24. Bxh6 {[%mdl 512]} e5 $1 {[%csl Gc8][%cal Rc8h3] Mit diesem ausgezeichneten
Verteidigungszug bringt Schwarz den c8-Läufer ins Spiel.} (24... gxh6 $2 25.
Qxh6 $16) 25. Bxg7 (25. Rd3 Qc6 (25... Qe6 26. Be3 Qg4 27. Qxg4 Bxg4 28. Nc3
$14) 26. Be3 Bb7 27. f3 e4 $15 (27... Qxc2 28. Rd2 Qc6 29. Rc1 Qxf3 (29...
Qxc1+ 30. Nxc1 Bxe3 $44) 30. Qc4+ (30. gxf3 Bxf3+ 31. Kg1 Bxe3+ 32. Kf1 Bxd2
$19) 30... Kh8 31. Qh4+ Kg8 $11)) 25... Bxh3 26. Qh8+ Kf7 27. Qh7 {[%csl Rf7]
[%cal Rh7f7]} Bxg2+ $1 28. Kxg2 (28. Kg1 Qc6 $19) 28... Ke6 {Schwarz möchte
seinen König in Sicherheit bringen.} (28... Qc6+ 29. Kg1 Qxc2 30. Bxe5+ Ke6 31.
Bg3 (31. Nf4+ $2 Kxe5 32. Re1+ Kxf4 $19) 31... Qxe2 32. Qxg6+ Ke7 33. Qg7+ (33.
Bh4+ Kf8 (33... Kd7 34. Qf7+ Kc6 35. Rc1+ Kb5 36. Qd5+ Kxb4 37. Rb1+ Ka3 38.
Ra1+ Kb4 $11) 34. Qf6+ Kg8 35. Qg6+ $11) 33... Ke6 34. Qg6+ $11) 29. Nf4+ $2 {
Dieses Opfer ist schön, aber nicht die beste Möglichkeit für Weiß.} (29. c4 {
[%cal Gc4c5]} Qd3 30. c5 Qe4+ 31. Kg1 Bc7 32. Ng3 $44) 29... exf4 $17 30. Re1+
Be3 31. fxe3 Qd5+ (31... Qd2+ $1 32. Kf1 fxe3 33. Qxg6+ Kd7 34. Qf7+ Kc6 35.
Qc4+ Kb7 36. Qf7+ Kb6 $19) 32. Kf2 Qh5 {Schwarz möchte die Damen um jeden
Preis tauschen.} (32... Qd2+ $1 33. Kf3 g5 (33... Qxe1 34. Qxg6+ Kd5 (34... Kd7
35. Qf7+ Kd6 36. Qxf4+ Kc6 37. Qc4+ $11) 35. Qd3+ Kc6 36. Qc4+ $11) 34. Qg6+ (
34. exf4+ $2 Qxe1 $19) 34... Kd7 35. Qf5+ Kc6 36. Qg6+ Kc7 37. Qf7+ Qd7 $17)
33. exf4+ Kf5 (33... Kd5 $1 {[%csl Gd5]} 34. Qxh5+ gxh5 35. Be5 Kc4 $17) 34.
Qxh5+ gxh5 {[%mdl 4096] In diesem Endspiel hat Weiß nur einen Bauern für die
Qualität, aber wegen des reduzierten Materials hat Weiß hat einige
Rettungschancen.} 35. Be5 a5 $6 (35... Rad8 36. Ke3 $15) (35... a3 $1 36. Ra1
Rac8 37. c3 Rxe5 38. fxe5 Rxc3 $17 {[%csl Ga3,Gc3,Re5,Gf5] Es ist wahr, dass
Schwarz nur a- und h-Bauern hat, aber sein Turm und König stehen aktiv.}) 36.
b5 $15 (36. bxa5 $2 Rxa5 $19) 36... Rac8 37. c3 Rc5 (37... a3 38. Ra1 Rxe5 39.
fxe5 Rxc3 40. b6 Rb3 41. b7 Rxb7 42. Rxa3 Ra7 43. Ra4 Kxe5 $17) 38. Rb1 a3 39.
b6 a2 40. Ra1 Rb5 41. Bc7 $4 {Dieser unverständliche Zug verliert sofort.} (41.
Rxa2 $8 Ra8 $5 (41... Rxb6 42. Rxa5 $11) 42. Bc7 a4 43. c4 Rb4 44. c5 a3 45.
Ke3 Rb2 46. Ra1 a2 $17) 41... Rb2+ $19 {[%csl Ga2][%cal Ga2h2]} 42. Kf3 Re6 (
42... Ree2 $19) 43. Be5 Rexb6 44. Bd4 R6b3 0-1

[Event "EU-ch 4th"]
[Site "Istanbul"]
[Date "2003.06.07"]
[Round "8"]
[White "Kurnosov, Igor"]
[Black "Ivanisevic, Ivan"]
[Result "1-0"]
[WhiteElo "2500"]
[BlackElo "2569"]
[Annotator "Ribli,Z"]
[PlyCount "93"]
[EventDate "2003.05.30"]
[EventType "swiss"]
[EventRounds "13"]
[EventCountry "TUR"]
[SourceTitle "CBM 096"]
[Source "ChessBase"]
[SourceDate "2003.09.25"]
[SourceVersion "1"]
[SourceVersionDate "2003.09.25"]
[SourceQuality "1"]

1. e4 c5 2. Nf3 Nc6 3. Nc3 e6 4. d4 cxd4 5. Nxd4 Qc7 6. Ndb5 {Dieser Zug wurde
vor ein paar Jahren von Ponomariov in die Großmeisterpraxis eingeführt. Meiner
Meinung nach bietet dieser direkte Zug Weiß allerdings kaum Hoffnung auf
Eröffnungsvorteil.} Qb8 7. Be3 a6 {Nach diesem - auf den ersten Blick sehr
logisch wirkenden - Zug, entsteht eine forcierte Variante, in der Weiß die
gegnerische Dame für drei Leichtfiguren gewinnt. Die in dieser Stellung
verfügbaren Alternativen bieten Schwarz ruhigeres Spiel und bessere Aussichten
als die Partiefortsetzung.} (7... b6 $5) (7... Nf6 $5) 8. Bb6 $5 axb5 9. Nxb5
Bb4+ (9... Ra5 10. Bxa5 $2 (10. Nc7+ $5 $44) 10... Nxa5 11. Qd2 Nc6 12. f4 Nf6
13. e5 Ne4 14. Qe3 d5 15. exd6 Nxd6 16. Rd1 Be7 {0-1 Faulks,N-Friedman,J/
Philadelphia 2002/CBM 89 ext (24)}) 10. c3 Ba5 11. Nc7+ Qxc7 (11... Kf8 $2 12.
Nxa8 Qxa8 13. Qd6+ Nge7 14. Qa3 $1 $18) 12. Bxc7 Bxc7 13. Qg4 g6 (13... Kf8)
14. Bd3 {Weiß hat Q+P für B+N+N. Schwarz hat das Problem, dass er seine
Figuren kaum koordinieren kann, während Weiß einen konkreten Plan hat: Die
Verwertung der Bauernmehrheit am Damenflügel.} (14. Bc4) 14... h5 $5 $146 {
[%mdl 4] Dieser Zug kommt mit Tempogewinn. Schwarz verzichtet auf die Rochade
und spielt auf sofortigen Angriff am Königsflügel. Das ist ein sehr
interessanter Plan.} (14... Nge7 15. O-O O-O 16. a4 $36 d6 $6 (16... d5 $5) 17.
Qe2 Bd7 18. b4 {[%cal Ga4a5,Gb4b5]} Rfc8 (18... b6 $5) 19. a5 d5 20. a6 b6 $2 (
20... bxa6 21. Bxa6 Rcb8 22. Rfb1 $14) 21. f4 $1 {[%cal Ge4e5] 1-0 Vorobiov,
E-Beshukov,S/Krasnodar 2002/CBM 91/[Ribli] (37)}) (14... Ne5 15. Qe2 Nxd3+ 16.
Qxd3 Ne7 17. O-O O-O 18. a4 d5 $13) 15. Qe2 Nf6 (15... Nge7 16. O-O d5 17. a4
$14) 16. O-O g5 $13 {[%cal Gg5g4,Gh5h4] Schwarz hat das Läuferpaar und
positionellen Druck am Königsflügel, während Weiß sich einen Freibauern am
Damenflügel bilden kann.} 17. a4 Ne5 18. b4 (18. Bc2 b6 {[%cal Gc8a6,Ga6f1]}
19. b4 (19. Qd2 Rg8 $13) 19... Ba6 20. b5 {Nach diesem Zug ist es Weiß kaum
noch möglich, einen Freibauern zu entwickeln.} Bb7 $13) 18... b6 {[%cal Gc8b7,
Gb7e4]} 19. Bb5 (19. f3 h4 $13) 19... Bb7 20. f3 Rg8 {[%cal Gg5g4,Gh5h4]} 21.
Qe3 h4 22. a5 bxa5 23. bxa5 h3 (23... Rxa5 24. Rxa5 Bxa5 25. Qa7 $18 {[%cal
Ra7a5,Ra7b7]}) (23... Bxa5 24. Rxa5 Rxa5 25. Qb6 $16 {[%cal Rb6a5,Rb6b7]}) 24.
a6 (24. g3 g4 $36) 24... hxg2 (24... Bc6 25. Bxc6 Nxc6 26. g3 $16) 25. Kxg2 Bc6
26. Bxc6 Nxc6 27. Rfd1 Rh8 $6 (27... Bf4 $1 28. Qb6 g4 $40) 28. h3 Nh5 $6 {
[%cal Gh5f4,Gf4g2] Schwarz möchte den Springer über f4 ins Spiel bringen, doch
dadurch verliert er den Pg5.} (28... Be5 $13) 29. Qxg5 $14 {Weiß muss den Pg5
nehmen.} Ne5 (29... Be5 30. Kf1 Nf4 $132 (30... Bxc3 31. Rac1 Bg7 32. Qb5 $18))
(29... Nf4+ 30. Kf1 Nxh3 (30... Be5 $132) 31. Qd2 d6 32. Rdb1 Kd7 $13) 30. Kf1
{Der weiße König begibt sich aus der Gefahrenzone.} f6 (30... Nxf3 31. Qb5 $18)
31. Qg1 $1 {[%cal Gg1c5]} Nxf3 32. Qg6+ Ke7 33. Rxd7+ $1 {[%mdl 512]} Kxd7 34.
Qf7+ Kd6 (34... Kc6 35. Qxe6+ $18) 35. Rd1+ {[%csl Rd6] Jetzt ist es der
schwarze König, der im Mittelpunkt eines Angriffs steht.} Ke5 36. Qxc7+ Kxe4
37. Qc4+ (37. Qc6+) 37... Ke5 38. Kf2 $1 $18 {[%csl Gc4,Gd1,Rf3] Der weiße
König höchst persönlich greift ins Geschehen ein. Nun hängt der Nf3, und wenn
der Springer wegzieht, ist 39.Re1+ möglich.} Ng5 (38... Nf4 39. Kxf3 (39. Qc5+
Ke4 (39... Nd5 40. Kxf3 $18) 40. Qe3+ $18) 39... Rxh3+ 40. Kf2 Rh2+ 41. Ke3
Rh3+ 42. Kd2 Rd3+ 43. Kc2 Rxd1 44. Kxd1 $18) 39. Re1+ (39. Ke3 $1 {Droht 40.
Qc5+ und 40.Qb5+.} Rhd8 (39... Kf5 40. Qd3+ Ke5 41. Qb5#) 40. Qc7+ $18) 39...
Kf5 40. Qd3+ Kf4 41. h4 {[%csl Rf4][%cal Rh4g5] Nach diesem Zug sollte Schwarz
ruhig aufgeben - denn er verliert einen Springer.} Rad8 42. Qe3+ Kg4 43. hxg5
Nf4 44. Qf3+ Kxg5 45. Rg1+ Kf5 46. Qg4+ Ke4 47. Re1+ 1-0

[Event "GER-ch 75th"]
[Site "Hoeckendorf"]
[Date "2004.01.31"]
[Round "2"]
[White "Mueller, Karsten"]
[Black "Braun, Arik"]
[Result "1-0"]
[WhiteElo "2517"]
[BlackElo "2429"]
[Annotator "Ribli,Z"]
[PlyCount "89"]
[EventDate "2004.01.30"]
[EventType "swiss"]
[EventRounds "9"]
[EventCountry "GER"]
[SourceTitle "CBM 100"]
[Source "ChessBase"]
[SourceDate "2004.06.01"]
[SourceVersion "1"]
[SourceVersionDate "2004.06.01"]
[SourceQuality "1"]

1. e4 c5 2. Nf3 e6 3. d4 cxd4 4. Nxd4 Nc6 5. Nc3 Qc7 6. g3 {Gewöhnlich bieten
die g3-Systeme Weiß eine sehr feste Stellung, aber Schwarz ist immer in der
Nähe des Ausgleichs.} Nf6 $6 {Dieser Zug ist nicht die beste Möglichkeit für
Schwarz. Eine Nebenidee des Zuges 6.g3 ist, dass Weiß Bf4 und Ndb5 spielen
kann, so dass der richtige Zug 6...a6 ist.} (6... a6) 7. Bg2 $6 (7. Bf4 e5 8.
Ndb5 Qb8 9. Bg5 $36) (7. Ndb5 Qb8 8. Bf4 $36) 7... Nxd4 8. Qxd4 Bc5 9. Bf4 d6
10. Qd2 a6 {Jetzt erhalten wir mit Zugumstellung eine heutzutage wieder
populäre Variante.} 11. O-O h6 {Schwarz verteidigt sich gegen Bg5, um e6-e5 zu
ziehen.} 12. Rad1 e5 13. Be3 Bg4 (13... Be6 14. Bxc5 dxc5 15. Nd5 Bxd5 16. exd5
Qd6 17. f4 {Auf diese Weise haben wir mit Zugumstellung die Partiefortsetzung.}
) 14. Bxc5 dxc5 15. f3 Be6 16. Nd5 Bxd5 17. exd5 Qd6 {Schwarz muss, wenn es
möglich ist, den d-Bauern blockieren.} 18. f4 O-O 19. fxe5 Qxe5 20. d6 {
Mit diesem Zug öffnet Weiß die Diagonale des g2-Läufers und opfert zeitweilig
einen Bauern.} (20. c4 Qd6 21. Qf4 Rad8 22. Rfe1 Qxf4 23. gxf4 $5 Ne8 24. Re7
Nd6 25. b3 Rfe8 26. Rde1 Kf8 27. R7e5 b5 28. Bf1 bxc4 29. Bxc4 Rxe5 30. fxe5
Nxc4 31. bxc4 Rb8 32. Kf2 Rb4 {1/2-1/2 Ernst,T-Bergstrom,C/Norrkoeping 1988/
EXT 97 (64)}) 20... Qxb2 21. c4 $5 {Das ist der Schlüsselzug der ganzen
Variante.} Qxd2 (21... Qe5 22. Rfe1 $16) (21... Qb6 22. Rxf6 (22. Rb1 $16)
22... gxf6 23. Qxh6 $16) 22. Rxd2 Rab8 23. a4 $5 Rfd8 (23... Nd7 24. Rb2 (24.
Rb1 $5) 24... Rfd8 25. Rxb7 Rxb7 26. Bxb7 Nb6 27. Bxa6 Nxa4 28. Bb5 Nc3 29. Rf5
Rxd6 30. Rxc5 Rd1+ 31. Kg2 Rd2+ 32. Kg1 Rd1+ 33. Kg2 {1/2-1/2 Bakre,T-Fominyh,
A/Cairo 2001/CBM 82 ext (33)}) 24. Rb1 b6 25. Re1 $5 $44 {[%cal Ge1e7,Gg2c6]
Weiß hat fühlbare Aktivität, was mehr als ausreichender Ersatz für den Bauern
ist.} (25. Bc6 Ng4 26. Re1 f6 {[%cal Gg4e5]} 27. d7 Ne5 28. Rxe5 fxe5 29. Re2
Kf7 30. Rxe5 $11) 25... Nd7 {Die schwarze Idee ist mit f6 und Ne5 eine starke
Springerstellung aufzubauen.} (25... Kf8 26. Bc6 $44) (25... Re8 $5 26. Rxe8+
Rxe8 27. Rb2 $44) 26. Re7 f6 27. Bd5+ Kh8 28. Be6 Ne5 {Schwarz hat eine feste
Springerstellung auf e5, jetzt droht 29...Nf3+.} 29. Kf2 Nc6 $6 {[%csl Yd4]
[%cal Gc6d4,Gc6e7] Der Springer zielt auf das d4-Feld, aber es wäre besser das
Material mit 29...b5 zu reduzieren.} (29... b5 $1 30. axb5 axb5 31. cxb5 Rxb5
$11) 30. Rc7 Nd4 31. Bd7 Kh7 {Schwarz möchte seinen König über g6 ins Spiel
bringen.} (31... b5 32. axb5 axb5 33. cxb5 Rb6 (33... Nxb5 34. Bxb5 Rxb5 35. d7
Rbb8 36. Ke3 Kg8 37. Kd3 Kf7 38. Kc4 $16) 34. Rb2 Rxd6 35. Bh3 Rb6 36. Rxc5 $36
) 32. Ke3 f5 33. Rxd4 $1 {[%mdl 512] Mit diesem Qualitätsopfer vernichtet Weiß
die einzige aktive schwarze Figur.} cxd4+ 34. Kxd4 $16 {[%csl Gc4,Gc7,Gd4,Gd6,
Gd7]} Kg6 35. Ke5 Rf8 36. Be6 b5 {Dieser Zug hilft nicht, aber guter Rat ist
schon teuer. Schwarz befindet sich eigentlich in Zugzwang.} (36... h5 37. d7
$16) 37. axb5 axb5 38. c5 {[%csl Gc5,Gd6][%mdl 1024] Schwarz hat eine Qualität
mehr, aber Weiß hat sehr starke verbundene Freibauer, während die schwarzen
Türme keine aktiven Möglichkeiten haben.} b4 39. d7 b3 40. Rc8 (40. Bxb3 $5
Rxb3 41. Rc8 Rd3 42. Rxf8 Rxd7 43. c6 $18) 40... b2 41. Rxb8 Rxb8 42. Bxf5+ Kf7
43. Kd6 $18 b1=Q 44. Bxb1 Rxb1 45. d8=Q (45. d8=Q Rd1+ 46. Kc7 Rxd8 47. Kxd8
$18 {[%cal Rc5c6]}) 1-0

[Event "EU-chT (Men) 11th"]
[Site "Pula"]
[Date "1997.05.??"]
[Round "7.4"]
[White "Lutz, Christopher"]
[Black "Grabliauskas, Virginijus"]
[Result "1/2-1/2"]
[WhiteElo "2555"]
[BlackElo "2435"]
[Annotator "Ribli,Z"]
[PlyCount "93"]
[EventDate "1997.05.05"]
[EventType "team-swiss"]
[EventRounds "9"]
[EventCountry "CRO"]
[SourceTitle "CBM 057 Extra"]
[Source "ChessBase"]
[SourceDate "1997.05.01"]
[SourceVersion "1"]
[SourceVersionDate "1997.05.01"]
[SourceQuality "1"]
[WhiteTeam "Germany"]
[BlackTeam "Lithuania"]
[WhiteTeamCountry "GER"]
[BlackTeamCountry "LTU"]

1. e4 c5 2. Nf3 e6 3. d4 cxd4 4. Nxd4 Nc6 5. Nc3 Qc7 6. Be2 a6 7. O-O Nf6 8.
Kh1 Nxd4 9. Qxd4 Bc5 10. Qd3 b5 11. f4 Bb7 12. Bf3 h5 13. e5 Ng4 14. Bxb7 Qxb7
15. Ne4 Be7 16. b3 {Das ist das letzte Wort in dieser Variante. Früher zog man
16.Be3 vor, aber der Läufer steht nicht gut auf e3 oder d4.Ribli.} Rc8 17. Bb2
Nh6 18. Qf3 $5 (18. Rad1 Nf5 19. Rf2 h4 20. Rfd2 Rc7 21. c4 bxc4 22. bxc4 O-O
23. Qf3 Rb8 24. Rc2 Qc6 25. Rd3 Rb4 {Petrov,A-Poluljahov,A/RUS-Cup1
Chigorin-mem 1996/1/2-1/2 (76)}) (18. Rac1 {So spielte Felsberger gegen
Grabliauskas drei Runden zuvor im selben Turnier.Ribli.}) 18... Qb8 $5 (18...
Qc6 {Dieser Zug gefällt mir nicht. Weiß platziert seinen Turm auf c1 und
spielt c2-c4. Danach steht die schwarze Dame ungünstig in der c-Linie.Ribli.}
19. Rac1 O-O 20. Rfe1 h4 21. g4 hxg3 22. hxg3 Rc7 23. c4 {1-0 Tischbierek,
R-Michaelsen,N/BL 1996 (40)}) (18... Rxc2 $4 19. Nd6+ $18) 19. Rf2 Nf5 {
[%csl Gf5]} 20. Rd1 {[%csl Rd7][%cal Gd1d7] Weiß bereitet die eventuelle
Turmverdopplung auf der d-Linie vor.Ribli.} h4 {Schwarz hat einen stolzen Nf5,
aber mit späterem, gut vorbereiteten g4 kann Weiß ihn stören. Mit dem letzten
Zug stabilisiert Schwarz seine Springerstellung.Ribli.} 21. Rd3 Rc7 22. Rfd2 b4
$5 $11 {Schwarz gewinnt Raum am Damenflügel. Obwohl sich sein König noch nicht
in Sicherheit befindet, hat er eine solide Stellung.Ribli.} 23. Kg1 Qa7+ 24.
Qf2 Qb7 25. Qf3 a5 {Schwarz mobilisiert -wie so oft im Sizilianer- seinen
a-Bauern und bekommt Aktivität am Damenflügel.Ribli.} (25... Qa7+) 26. c4 bxc3
27. Bxc3 a4 $132 28. Rd1 (28. bxa4 Qa7+) 28... O-O (28... axb3 29. axb3 Qxb3
30. Ba5 $18) 29. Be1 (29. bxa4 Qa7+) 29... axb3 30. axb3 {[%csl Rb3]} Ra8 {
[%cal Ya8a2,Ya2g2]} 31. Bf2 Ra2 {[%csl Ga2][%cal Ga2g2]} 32. g4 $1 {Weiß muß
den starken Nf5 vertreiben.} hxg3 33. hxg3 Nh6 {[%cal Gb7f3]} 34. Nc3 (34. g4
$2 Nxg4 $17) 34... Qxf3 35. Rxf3 {Nach dem Damentausch bleibt die Stellung
ausgeglichen. Schwarz hat eine theoretische Schwächung auf d7, Weiß auf b2.
Ribli.} Rb2 {Es scheint, als stünde Schwarz dank seiner Türme etwas aktiver,
aber Weiss kann das Gleichgewicht leicht aufrecht erhalten.Ribli.} 36. Na4 Re2
37. Re3 Ra2 (37... Rxf2 38. Kxf2 Ng4+ 39. Kf3 Nxe3 40. Kxe3 $11 {Und der weiße
b-Bauer ist eher schwach. Dennoch besitzt Schwarz kaum reale Gewinnchancen.
Ribli.}) 38. Rc3 Rxc3 39. Nxc3 Rb2 40. Rxd7 (40. Rb1 Rc2 {[%csl Gc2]}) 40...
Rxb3 41. Ne4 (41. Rxe7 Rxc3 $11) 41... Ba3 42. Ng5 {Weiß hat nur scheinbar
Aktivität, in Wirklichkeit ist die Stellung ausgeglichen. Ribli.} Rb8 43. Ba7
Re8 44. Kg2 Be7 45. Ne4 Ng4 46. Kh3 f5 $5 (46... Nh6 47. g4) 47. exf6 {Und
hier wurde Remis vereinbart.Ribli.} (47. exf6 Nxf6 48. Nxf6+ Bxf6 $11) 1/2-1/2